Tilastot visalle UltraStar Suomennetut biisit

Klikkaa tästä pelataksesi tätä visaa!

Yleistilastot

  • Tätä visaa on pelattu 10 kertaa
  • Keskiarvotulos 3 / 10

Vastaustilastot

HintVastaus% Oikein
Sinä olet, minun tuleni, minun yksi, haluniI want it that way
70%
Tankkeinensa, pomminensa, pyssyinensä, päässäsi, päässäsi, he ovat kuolemassaZombie
60%
On kivaa pysyä Nuorten Miesten Kristillisessä Yhteisössä / Meillä on kaikkea teille miehille nautittavaksi, voit hengailla kaikkien poikien kanssaYMCA
50%
Vain yksi katse ja kuulen kellon soivan / (yksi katse lisää) ja unohdan kaiken, whoaMamma Mia
40%
Kun kutsut nimeni, se on kuin pieni rukous, olen polvillani, haluan sut viedä sinneLike a prayer
30%
Joskus tuntuu, ettei minulla ole kumppania / Joskus tuntuu että olen ainoa ystäväniUnder the bridge
30%
Sinun olisi pitänyt tietää, pahuuden hintaNightmare
10%
Ja nyt on aika muuttumiselle, ja kaiken puhdistamiselle, unohtaa rakkautesiPlug in Baby
0%
On helpompaa elää yksin, kuin pelätä milloin se on ohi, whoooa löydä sanat ja puhu minulle, tämä voisi olla.........taivasTallulah
0%
Älä antaudu, sillä voit voittaa, tässä asiassa jota kutsumme rakkaudeksiThat’s the way it is
0%

Tulosjakauma

Persentiili vastausten määrän mukaan

Jokaisen tuloksen saaneiden osuus

Tuloshistoriasi

Et ole pelannut tätä visaa